The unfinished global revolution / (Record no. 14123)

000 -LEADER
fixed length control field 00821nam a2200277 a 4500
001 - CONTROL NUMBER
control field ASIN1846141052
005 - DATE AND TIME OF LATEST TRANSACTION
control field 20170105102847.0
008 - FIXED-LENGTH DATA ELEMENTS--GENERAL INFORMATION
fixed length control field 130819s2011 xxu eng d
020 ## - INTERNATIONAL STANDARD BOOK NUMBER
International Standard Book Number 1846141052 (hardcover)
020 ## - INTERNATIONAL STANDARD BOOK NUMBER
International Standard Book Number 9781846141058 (hardcover)
040 ## - CATALOGING SOURCE
Original cataloging agency 0
082 04 - DEWEY DECIMAL CLASSIFICATION NUMBER
Classification number 320.9045
100 1# - MAIN ENTRY--PERSONAL NAME
Personal name Malloch-Brown, Mark.
245 14 - TITLE STATEMENT
Title The unfinished global revolution /
Statement of responsibility, etc. Mark Malloch-Brown.
260 ## - PUBLICATION, DISTRIBUTION, ETC.
Place of publication, distribution, etc. [S.l.] :
Name of publisher, distributor, etc. Allen Lane,
Date of publication, distribution, etc. 2011.
300 ## - PHYSICAL DESCRIPTION
Extent 1 v. (unpaged) ;
Dimensions 24 cm.
650 #0 - SUBJECT ADDED ENTRY--TOPICAL TERM
Topical term or geographic name entry element Economic development
650 #0 - SUBJECT ADDED ENTRY--TOPICAL TERM
Topical term or geographic name entry element Globalization
650 #0 - SUBJECT ADDED ENTRY--TOPICAL TERM
Topical term or geographic name entry element International relations
650 #0 - SUBJECT ADDED ENTRY--TOPICAL TERM
Topical term or geographic name entry element Politicians
650 #0 - SUBJECT ADDED ENTRY--TOPICAL TERM
Topical term or geographic name entry element United Nations
650 #0 - SUBJECT ADDED ENTRY--TOPICAL TERM
Topical term or geographic name entry element World Bank
650 #0 - SUBJECT ADDED ENTRY--TOPICAL TERM
Topical term or geographic name entry element World politics
856 40 - ELECTRONIC LOCATION AND ACCESS
Materials specified Amazon.com
Uniform Resource Identifier <a href="http://www.amazon.com/exec/obidos/ASIN/1846141052/chopaconline-20">http://www.amazon.com/exec/obidos/ASIN/1846141052/chopaconline-20</a>
942 ## - ADDED ENTRY ELEMENTS (KOHA)
Source of classification or shelving scheme
Koha item type Book
Holdings
Withdrawn status Lost status Damaged status Not for loan Collection code Permanent Location Current Location Shelving location Date acquired Total Checkouts Full call number Barcode Date last seen Price effective from Koha item type
          Centre for International Peace & Stability (CIPS) Centre for International Peace & Stability (CIPS) General Stacks 08/19/2013   320.9045 MAL 2011 CIPS0000698 08/19/2013 08/19/2013 Book
© 2023 Central Library, National University of Sciences and Technology. All Rights Reserved.